000 00638nam a2200253Ia 4500
003 OSt
005 20220912151136.0
006 a|||||r|||| 00| 0
007 ta
008 220909b |||||||| |||| 00| 0 eng d
024 _a51276
037 _cTextual
040 _aCSL
_beng
_cCSL
041 _aeng
082 _aJ, J42
100 _aWilson Harold K
245 0 _aField crop production
260 _aChicago
_bJ B Lippincott
_c1954
300 _aviii, 674p.
_ccm.
650 _aAgriculture
700 _a Myers Will M
942 _hJ, J42
_cTEXL
_2CC
999 _c62213
_d62213